C. Stubbe-H.Passarge:Rechwild(Srnčia zver)

Bibliographic Details
Main Authors: Hell, Pavel, 1930-2009 (Author), Stubbe, C. (Author), Passarge, H (Author)
Format: Article
Language:Slovak
Subjects:

MARC

LEADER 00000nab a2200000 a 4500
001 vtls000160640
003 SK-MaSNL
005 20260303073203.0
008 150501c1983 xo 0 slo
015 |a SNBRA19rr/mm-uuuuu 
035 |a CL0170750 
040 |a SNKBUCL  |b slo  |c SNKBUCL  |e AACR2 
041 0 |a slo 
044 |a xo  |c SK 
080 |a 639.111.1  |2 1981 
100 1 |a Hell, Pavel,  |d 1930-2009  |4 aut  |9 125123 
245 1 0 |a C. Stubbe-H.Passarge:Rechwild(Srnčia zver)  |c Pavel Hell ; C. Stubbe, H. Passarge 
650 0 7 |a srnčia zver  |2 snkbucl  |9 2771 
655 7 |a články zo zborníkov  |2 snkbucl  |9 166140 
700 1 |a Stubbe, C.  |4 aut  |9 1074374 
700 1 |a Passarge, H  |4 aut  |9 1074375 
773 0 |t Folia venatoria 13  |d Bratislava : Príroda, 1983 
787 0 8 |i Rec.:  |a Stubbe, C.  |t Rehwild  |d Berlin : VEB Deutscher Landwirtschaftsverlag, 1979 
850 |a Slovenská národná knižnica v Martine  |a MTA001 
852 |a SNK  |b KIS3GCP 
958 |a RK 
958 |a DE 
992 |a RZB 
999 |c 1766898  |d 1768828